00145nam a2200061Ia 4500008004100000100001800041245002400059120527s9999 xx 000 0 und d aKUMAR SHIV,S. aLow-luminosity star